<?xml version="1.0" encoding="UTF-8"?><?xml-stylesheet type="text/xsl" href="static/style.xsl"?><OAI-PMH xmlns="http://www.openarchives.org/OAI/2.0/" xmlns:xsi="http://www.w3.org/2001/XMLSchema-instance" xsi:schemaLocation="http://www.openarchives.org/OAI/2.0/ http://www.openarchives.org/OAI/2.0/OAI-PMH.xsd"><responseDate>2026-04-27T21:46:20Z</responseDate><request verb="GetRecord" identifier="oai:uvadoc.uva.es:10324/1507" metadataPrefix="marc">https://uvadoc.uva.es/oai/request</request><GetRecord><record><header><identifier>oai:uvadoc.uva.es:10324/1507</identifier><datestamp>2021-11-02T10:01:47Z</datestamp><setSpec>com_10324_38</setSpec><setSpec>col_10324_787</setSpec></header><metadata><record xmlns="http://www.loc.gov/MARC21/slim" xmlns:doc="http://www.lyncode.com/xoai" xmlns:xsi="http://www.w3.org/2001/XMLSchema-instance" xmlns:dcterms="http://purl.org/dc/terms/" xsi:schemaLocation="http://www.loc.gov/MARC21/slim http://www.loc.gov/standards/marcxml/schema/MARC21slim.xsd">
<leader>00925njm 22002777a 4500</leader>
<datafield tag="042" ind1=" " ind2=" ">
<subfield code="a">dc</subfield>
</datafield>
<datafield tag="720" ind1=" " ind2=" ">
<subfield code="a">Martínez Tottil, María Verónica</subfield>
<subfield code="e">author</subfield>
</datafield>
<datafield tag="260" ind1=" " ind2=" ">
<subfield code="c">2012</subfield>
</datafield>
<datafield tag="520" ind1=" " ind2=" ">
<subfield code="a">INTRODUCCION.&#xd;
La mayoría de los pacientes con enfermedad de injerto contra huésped (EICH) desarrolla un síndrome de ojo seco (SOS), no existiendo aun un “gold standard” para su diagnóstico.&#xd;
&#xd;
OBJETIVO&#xd;
Identificación de biomarcadores  para el SOS secundario al EICH. &#xd;
&#xd;
METODOS&#xd;
Se evaluaron 10 pacientes y 18 controles.  El análisis de citoquinas y quimioquinas se realizó  mediante tecnología X-MAP en un Luminex IS-100 y la expresión génica mediante PCR cuantitativa en tiempo real &#xd;
&#xd;
RESULTADOS&#xd;
El porcentaje de detección para IL-8 fue del 100%, para IL-12p70, IL-1RA, IL-6 e IP-10/CXCL10 fue de 80%, para IFN-γ, IL-10, RANTES y VEGF fue de 70%, para IL-1  fue de 60%, para el EGF 50% y TNF-α fue del 50%, la eotaxina1 40%. Se encontraron diferencias significativas en EGF, IP-10/CXCL10 e IFN-γ. En las citologías de impresión conjuntival, se observó un aumento de la expresión en 11  genes y una disminución en 3 genes.</subfield>
</datafield>
<datafield tag="024" ind2=" " ind1="8">
<subfield code="a">http://uvadoc.uva.es/handle/10324/1507</subfield>
</datafield>
<datafield ind1=" " ind2=" " tag="653">
<subfield code="a">Ojo-Enfermedades y defectos-Tratamiento</subfield>
</datafield>
<datafield tag="245" ind1="0" ind2="0">
<subfield code="a">Biomarcadores moleculares en el síndrome de ojo seco secundario a la enfermedad de injerto contra huesped</subfield>
</datafield>
</record></metadata></record></GetRecord></OAI-PMH>